000 00452nam a22001697a 4500
999 _c5877
_d5877
003 GBCCL
005 20241126110551.0
008 180412b ||||| |||| 00| 0 eng d
040 _cgbc
082 _a266
_bPAT
100 _aPatterson, Ira N.
_910632
245 _aContinent in Commotion /
_cIra N. Patterson
260 _aNashville:
_bConvention Press,
_c1957
300 _a156 p.;
_bill.;
_c18 cm.
650 _aMission
_zAfrica
_910633
942 _2ddc
_cBK